|
|
|
|
| LEADER |
00000cam a2200000 a 4500 |
| 001 |
UCD8956 |
| 003 |
CL-VaPUC |
| 008 |
170527e20140000mx |||||||||||||||||spa|d |
| 020 |
|
|
|a 9786075190440
|
| 082 |
0 |
4 |
|a 658.8
|b LAM
|2 21
|
| 100 |
|
|
|a Lamb, Charles W
|e author
|9 592575
|
| 700 |
|
|
|a Hair, Joseph F
|e author
|9 592752
|
| 700 |
|
|
|a McDaniel, Carl
|e autor
|9 592577
|
| 245 |
1 |
0 |
|a Marketing
|
| 250 |
|
|
|a 7a. ed
|
| 300 |
|
|
|a 386 p
|
| 942 |
|
|
|c BK
|
| 945 |
|
|
|d 20170527 00:32:00
|a arojas
|
| 260 |
|
|
|a Ciudad de México
|b Cengage
|c 2014
|
| 500 |
|
|
|a Edicioón del estudiante
|
| 650 |
|
0 |
|a Marketing
|9 259324
|
| 650 |
|
0 |
|a Comercialización
|9 259326
|
| 650 |
|
7 |
|a MERCADOTECNIA
|2 CL-VaPUC
|9 347996
|
| 650 |
|
0 |
|a Consumidores
|9 315658
|
| 650 |
|
0 |
|a Publicidad
|9 314572
|
| 650 |
|
0 |
|a Precios
|9 260787
|
| 583 |
|
|
|a last modification
|c 20170527 00:32:00
|k Rodrigo Vera
|
| 999 |
|
|
|c 368262
|d 368260
|